000 00654cam a2200217 4500500
005 20260329010025.0
041 _afre
042 _adc
100 1 0 _aLacroix, Alexandre
_eauthor
245 0 0 _aManuela Valle : quand Platon fait le Beau
260 _c2020.
500 _a69
690 _aBeau
690 _aBeauté
690 _aBien
690 _aPlaton
690 _aRenaissance
690 _aVrai
786 0 _nPhilosophie magazine - Hors séries | Hors-série - Été 2020 | HS45 | 2020-05-01 | p. 33-34 | 2104-9246
856 4 1 _uhttps://shs.cairn.info/magazine-philosophie-magazine-2020-hs45-page-33?lang=fr&redirect-ssocas=7080
999 _c1848819
_d1848819